Manga Seinen (FR) - Statistiques

Statistiques générales
  • Ce quiz a été pris 349 fois
  • Le résultat moyen est 12 sur 60
Statistiques - réponses
Auteur Année Indice Personnage Manga % Correct
Kentaro MIURA 1989 Béhérit Guts Berserk
77%
Sui ISHIDA 2011 Goule Ken Kaneki Tokyo Ghoul
70%
Yusuke MURATA/ONE 2012 Super-Héros Saitama One Punch Man
69%
Makoto YUKIMURA 2005 Vikings Thorfinn Vinland Saga
64%
Naoki URASAWA 1995 Crimes Kenzô Tenma Monster
51%
Inio ASANO 2007 Poussin Punpun Bonne Nuit Punpun
48%
Takehiko INOUE 1999 Samourais Miyamoto Musashi Vagabond
48%
BOICHI 2006 Gang Kitano Ken Sun-Ken Rock
40%
Naoki URASAWA 1999 Ami Kenji Endô 20th Century Boys
39%
Shu OKIMOTO/Tadashi AGI 2005 Vin Shizuku Kanzaki Les Gouttes de Dieu
32%
Akira HIRAMOTO 2011 Ecole Kiyoshi Fujino Prison School
32%
Masasumi KAKIZAKI/George ABE 2003 Prison Mario Minakami Rainbow
32%
Kei SANBE 2012 Passé Satoru Fujinuma Erased
31%
Katsuhiro OTOMO 1984 Moto Shôtarô Kaneda Akira
28%
Kenichi TACHIBANA/Yu SASUGA 2011 Mars Hizamaru Akari Terra Formars
27%
Naoki URASAWA/Takashi NAGASAKI 2009 Comics Kevin Yamagata Billy Bat
26%
Yukito KISHIRO 1991 Androïde Gally Gunnm
26%
Takehiko INOUE 1999 Handisport Tomomi Nomiya Real
24%
Masayuki TAGUCHI/Takami KUSHUN 2000 Survival Shûya Nanahara Battle Royale
21%
Junya INOUE 2009 Bombes Ryuta Sakamoto Btooom!
20%
Shoji SATO/Daisuke SATO 2007 Zombies Takashi Komuro Highschool of the Dead
20%
Hiroya OKU 2000 Team Keï Kurono Gantz
19%
Motorô MASE 2005 Préavis Kengo Fujimoto Ikigami
18%
Junji ITO 1998 Forme Kirie Goshima Spirale
18%
Masamune SHIROW 1991 Section 9 Motoko Kusanagi Ghost in the Shell
17%
Hitori RENDA/Nobuaki KANAZAWA 2010 Message Nobuaki Kanazawa King's Game
16%
Jiro TANIGUCHI/Baku YUMEMAKURA 2000 Himalaya Fukamachi Makoto Le Sommet des Dieux
14%
Hikaru NAKAMURA 2007 Religion Jésus Les Vacances de Jésus et Bouddha
14%
Chuya KOYAMA 2008 NASA Mutta Namba Space Brothers
14%
Kaoru MORI 2002 Femme de chambre Emma Emma
13%
Kiyohiko AZUMA 2003 Gamine Koiwai Yotsuba Yotsuba & !
13%
Kaoru MORI 2008 Orient Amir Bride Stories
12%
Tetsuya TSUTSUI 2012 Journal Paperboy Prophecy
12%
CLAMP 2003 Medium Kimihiro Watanuki xxxHoLic
12%
Yuuki KODAMA 2009 Vampire Staz Blood Lad
11%
Tetsuya TSUTSUI 2014 Censure Mikio Hibino Poison City
11%
Hideo YAMAMOTO 1998 Gang Ichi Ichi the Killer
10%
Mari YAMAZAKI 2009 Bain Lucius Modestus Thermae Romae
9%
Takeshi OBATA/Ryôsuke TAKEUCHI 2014 Invasion Keiji Kiriya All you need is kill
8%
Osamu TEZUKA 1973 Famille Jiro Tengé Ayako
8%
Kiminori WAKASUGI 2005 Death Metal Sôichi Negishi Detroit Metal City
8%
Osamu TEZUKA 1983 Jeux Olympiques Soheï Togué L'Histoire des 3 Adolf
8%
Kôji MORI 2009 Île Sei Suicide Island
8%
Masakazu KATSURA 2003 Pouvoir Jin Kanzaki Zetman
8%
OH ! GREAT 1997 Bagarre Maya Natsume Enfer et Paradis
7%
Etorouji SHIONO 2005 Empire Köinzell Ubel Blatt
7%
Minetaro MOCHIZUKI 1995 Accident Teru Aoki Dragon Head
6%
Masasumi KAKIZAKI 2011 New York Brad Burns Green Blood
6%
Yuji IWAHARA 2011 Coils Kyoma Mabuchi Dimension W
5%
Kei SANBE 2010 Bateau Takigawa Le Berceau des Esprits
4%
Tôru FUJISAWA 2004 Phantom Ranmaru Shindō Tokkô
4%
Aguri IGARASHI/Masahiro TOTSUKA 2005 Kendo Toraji Ishida Bamboo Blade
2%
Motorô MASE 2013 Robot Mai Demokratia
2%
DOUBLE S/Hiroshi TAKASHIGE 2008 Prédiction Haruka Tôyama Jusqu'à ce que la mort nous sépare
2%
Yuko OSADA 2012 Humoriste Kinjiro Yaoi Kid I Luck
2%
Taro NOGIZAKA 2011 Enquête Amano Taïchi La Tour Fantôme
2%
Yugo ISHIKAWA 2009 Temps Yoshiko Tokito Sprite
2%
Jung-ki PARK/Kyoichi NANATSUKI 2010 Armes Sona Yuki The Arms Peddler
2%
Ryuji MINAGAWA 2008 Tireur Hope Emerson Peace Maker
1%
Naoyuki OCHIAI 2007 Meurtre Miroku Syndrome 1866
1%
Aucun quiz correspondant
Distribution des résultats
% des personnes avec chaque résultat
Percentile par nombre de réponses
Votre historique - résultats
Vous n’avez pas pris ce quiz